Normal view
MARC view
- Gemenne, François,
Entry Personal Name
001 - CONTROL NUMBER
- control field: 275
003 - CONTROL NUMBER IDENTIFIER
- control field: DLC
005 - DATE AND TIME OF LATEST TRANSACTION
- control field: 20230727071738.0
008 - FIXED-LENGTH DATA ELEMENTS
- fixed length control field: 091008n| azannaabn |n aaa
010 ## - LIBRARY OF CONGRESS CONTROL NUMBER
- LC control number: n 2009064767
040 ## - CATALOGING SOURCE
- Original cataloging agency: DLC
- Language of cataloging: eng
- Description conventions: rda
- Transcribing agency: DLC
- Modifying agency: DLC
100 1# - HEADING--PERSONAL NAME
- Personal name: Gemenne, François,
- Dates associated with a name: 1980-
670 ## - SOURCE DATA FOUND
- Source citation: Nations and their histories, 2009:
- Information found: ECIP t.p. (François Gemenne, Institute for Sustainable Development and International Relations, Sciences Po, Paris, France) data view (b. Dec. 22, 1980)
670 ## - SOURCE DATA FOUND
- Source citation: The anthropocene and the global environmental crisis, 2015:
- Information found: E-CIP (François Gemenne) data view (a Research fellow at the University of Versailles Saint-Quentin-en-Yvelines (CEARC), France and at the University of Liège (CEDEM), Belgium)